00959nam0a22002531 4500001001100000005001700011021001900028035002600047100004100073101001300114102000700127105001800134200015300152210004300305215001600348300006300364513002800427606012300455700003200578702003600610801001800646801002200664852001900686rc\427450820250612035106.0 aRUb[65-89844] a(NLR Aleph) 008490934 a20130416d1965 |||y0rusy50 ca1 aruscger aRU ay z |||||1 aТакой была подводная войнаeСокр. пер. с нем.f[Предисл. контр.-адм. П.В. Синецкого] aМоскваcВоениздатd1965 a302 с.d21 aДоп. тит. л.: Harald Busch. So war der U-Boot-Krieg0 aSo war der U-Boot-Krieg aПодводный флот Германии во второй мировой войне 1939-1945 гг.2psbo 1aБушbГ.gГеральд 1aСинецкийbП.В.4080 0aRUbNLRgpsbo 1aRUbELAR2rusmarc aNLRj65-3/6149